Statistics for F1 Podiums 1955

Click here to take the quiz!

General Stats

  • This quiz has been taken 79 times
  • The average score is 9 of 18

Answer Stats

Answer% Correct
Juan Manuel Fangio
100%
Giuseppe Farina
87%
Giuseppe Farina / Maurice Trintignant / Umberto Maglioli
87%
Jose Froilan Gonzalez / Giuseppe Farina / Maurice Trintignant
87%
Stirling Moss
79%
Jose Froilan Gonzalez
71%
Maurice Trintignant
68%
Luigi Musso
50%
Bill Vukovich
47%
Jean Behra / Cesare Perdisa
47%
Eugenio Castellotti
39%
Piero Taruffi
39%
Bob Sweikert
29%
Karl Kling
26%
Tony Bettenhausen / Paul Russo
18%
Roberto Mieres
16%
Jerry Hoyt
11%
Jimmy Davies
11%

Score Distribution

Percentile by Number Answered

Percent of People with Each Score

Your Score History

You have not taken this quiz